书目信息 |
| 题名: |
矩阵论
|
|
| 作者: | 卜长江 , 罗跃生 主编 | |
| 分册: | ||
| 出版信息: | 哈尔滨 哈尔滨工程大学出版社 2003 |
|
| 页数: | 298页 | |
| 开本: | 20cm | |
| 丛书名: | ||
| 单 册: | ||
| 中图分类: | O151.21 | |
| 科图分类: | ||
| 主题词: | 矩阵--高等学校 | |
| 电子资源: | ||
| ISBN: | 7-81073-492-X | |
| 000 | 00825nam0 2200241 45 | |
| 001 | 002505735 | |
| 005 | 20050414164708.2 | |
| 010 | @a7-81073-492-X@dCNY16.00 | |
| 100 | @a20040202d2003 em y0chiy0110 ea | |
| 101 | 0 | @achi |
| 102 | @aCN@b230000 | |
| 105 | @ay z 000yy | |
| 200 | 1 | @a矩阵论@Aju zhen lun@f卜长江,罗跃生主编@FBo Chang Jiang,Luo Yue Sheng Zhu Bian |
| 210 | @a哈尔滨@c哈尔滨工程大学出版社@d2003 | |
| 215 | @a298页@d20cm | |
| 300 | @a高等学校数学系列教材 研究生用 | |
| 330 | @a本书内容包括八章:线性空间和线性映射,内积空间,矩阵的对角化、若当标准型,矩阵的分解,向量与矩阵的重要数字特征,矩阵分析,矩阵函数,矩阵的广义逆。 | |
| 606 | 0 | @a矩阵@x高等学校 |
| 690 | @aO151.21@v4 | |
| 701 | 0 | @a卜长江@4主编 |
| 701 | 0 | @a罗跃生@4主编 |
| 801 | 0 | @aCN@bNLC@c20040325 |
| 905 | @f5@b350350-354@dO151.21@e159 | |
| 矩阵论/卜长江,罗跃生主编.-哈尔滨:哈尔滨工程大学出版社,2003 |
| 298页;20cm |
| 高等学校数学系列教材 研究生用 |
| ISBN 7-81073-492-X:CNY16.00 |
| 本书内容包括八章:线性空间和线性映射,内积空间,矩阵的对角化、若当标准型,矩阵的分解,向量与矩阵的重要数字特征,矩阵分析,矩阵函数,矩阵的广义逆。 |
| ● |
| 相关链接 |
|
|
|
|
正题名:矩阵论
索取号:O151.21/159
 
预约/预借
| 序号 | 登录号 | 条形码 | 馆藏地/架位号 | 状态 | 备注 |
| 1 | 0350350 | 3503505 | 第二样本阅览室/ [索取号:O151.21/159] | 在馆 | |
| 2 | 0350351 | 3503514 | 第三借阅区/ [索取号:O151.21/159] | 在馆 | |
| 3 | 0350352 | 3503523 | 第三借阅区/ [索取号:O151.21/159] | 在馆 | |
| 4 | 0350353 | 3503532 | 第三借阅区/ [索取号:O151.21/159] | 在馆 | |
| 5 | 0350354 | 3503541 | 第三借阅区/ [索取号:O151.21/159] | 在馆 |